000 00676cam a2200205 4500
001 ABS61876
008 000000n2000 000 0 eng u
035 _a(Sirsi) u104669
100 _aMartin, J.
245 _aPlanning occupancy costs
260 _c2000
490 _aCSM (Chartered Surveyor Monthly)
_vMarch 2000 24-45(2)
520 _aSummarises the benefits of estimating a building's occupation costs from the earliest stages in its design and construction.
590 _aABS
650 _aOCCUPANCY COSTS
650 _aDESIGN
650 _aBUILT ENVIRONMENT-BUILDING MAINTENANCE AND REFURBISHMENT
690 _aBUILT ENVIRONMENT-BUILDING COSTS
942 _n0
999 _c62800
_d62800